000 00828nam a2200253Ia 4500
003 OSt
005 20220918171357.0
006 a|||||r|||| 00| 0
007 ta
008 220917b |||||||| |||| 00| 0 eng d
020 _a9781588265272 (hbk)
_c2003.49
024 _a232,530
037 _b135, 22/10/2007, Prachi Book Distributor
_cTextual
040 _aARTS
_cARTS
_beng
041 _2eng
_aeng
082 _aW.69M, P7
100 _aMiles William F. S. Ed.
_936183
245 0 _aPolitical Islam in West Africa
_b state - society relations transformed
260 _aBoulder
_bLynne Rienner Publishers UK
_c2007
300 _axi, 221p.
_ccm.
650 _aPOLITICAL SCIENCE
942 _hW.69M, P7
_cTEXL
_2CC
999 _c139284
_d139284